000 00423nam a2200181Ia 4500
001 1876
005 20260306143801.0
008 260306t1984||||xx |||||||||||||| ||spa||
041 _aESP
082 _a158.1
_bA122
100 _aAddington, Jack,
_eAUT
245 0 _aEl poder perfecto que hay en ti
260 _c1984
300 _a196 páginas :
_c20 cm.
650 _aGEN
654 _aCPS
942 _cLIB
_dJUS
_fJUS
_2ddc
_n
999 _c1876
_d1876